000 00378nam a2200121 4500
999 _c14354
_d14354
008 190913b ||||| |||| 00| 0 eng d
100 _939583
_aRomero, Paolo.
245 _aSenate likely to block higher taxes for schools, hospitals/
_cPaolo Romero.
260 _aPhilippines:
_bThe Philippine Star;
_cc2018.
300 _apage 2.
650 0 _939584
_aTaxation.
942 _2ddc
_cPER